00000000nas##2200000za#4500
0019.510416
003CaOODSP
00520210305151628
007ta
008150406c1991||||xxc|| p #||||f|   |0eng|d
022 |a0829-7460
040 |aCaOODSP|beng
041 |aeng
041 |afre
043 |an-cn---
0861 |aYC11-343/1
1101 |aCanada. |bParliament. |bSenate. |bStanding Committee on Banking, Trade and Commerce.
24510|aStanding Committee on Banking, Trade and Commerce, proceedings / |cChairman: The Honourable C. William Doody.
260 |bSenate.
310 |aIrregular
3621 |a3rd session, 34th parliament, 40-42 Elizabeth II, 1991-1993
546 |aBilingual
792 |tComité permanent des banques et du commerce, délibérations / |efre|w(CaOODSP)9.510417